000 00770nam a22001937a 4500
999 _c10335
_d10335
003 AR-CdUCM
008 190329b ||||| |||| 00| 0 spa d
040 _aMUNICIPALIDAD PROVINCIAL DEL CUSCO
_cBIBLIOTECA MUNICIPAL DEL CUSCO
082 _a709.5 /
_bS98C / 1964
100 _aSvanascini, Osvaldo
_927135
245 _aConceptos sobre el arte de oriente /
260 _aBuenos Aires :
_bUniversidad de Buenos Aires,
_c1964.
300 _a93 páginas ;
_bIlustraciones,
_c18 cm.
440 _aColección ensayos
_914886
505 _aContenidos: Conceptos generales -- Buda y el arte indio -- Principios éticos de la pintura china -- Arte budista japones: el hôryû-ji -- Templos indo-javaneses ...
650 _aEnsayos
_9375
942 _2ddc
_cLIBROS
945 _awnts